000 00771nam a2200229Ii 4500
003 JO-AjNU
008 230605s9999||||xx |||||||||||||| ||und||
017 _a2012/8/3158
020 _a978-9957-33-310-2
040 _aJO-AjNU
_bara
_erda
_cJO-AjNU
041 _aara
050 1 4 _aHD62.35.N3464.2013
100 3 _aنجم، عبود نجم,
_eauthor
_945680
245 0 0 _aمدخل الى ادارة المشروعات = INTERODUCTION TO PROJECT MANAGEMENT
250 _aط1
264 3 1 _aعمان: مؤسسة الوراق للنشر والتوزيع،2013
300 _a575ص
336 _atext
_btxt
_2rdacontent
337 _aunmediated
_bn
_2rdamedia
338 _avolume
_bnc
_2rdacarrier
650 4 _aادارة الاعمال-ادارة المشروع
_945681
999 _aA19819
_c23387
_d23387